Formula 1: Most Successful Drivers per Team - Statistics

General Stats
  • This quiz has been taken 6,888 times
    2,891 since last reset
  • The average score is 25 of 30
Answer Stats
Team Driver Country Merits % Correct
Alpine Fernando Alonso Spain 1 podium
99%
Aston Martin Fernando Alonso Spain 8 podiums
99%
Mercedes Lewis Hamilton United Kingdom 6 championships
99%
Red Bull Max Verstappen Netherlands 4 championships, 63 wins
98%
Ferrari Michael Schumacher Germany 5 championships
98%
Aston Martin Sebastian Vettel Germany 1 podium
98%
Red Bull Sebastian Vettel Germany 4 championships, 53 wins
98%
Alpine Pierre Gasly France 2 podiums
97%
McLaren Ayrton Senna Brazil 3 championships, 35 wins
96%
Alpine Esteban Ocon France 1 win
96%
Racing Bulls Daniel Ricciardo Australia 7 points
94%
Aston Martin Lance Stroll Canada 144 points
94%
Racing Bulls Yuki Tsunoda Japan 30 points
94%
Mercedes Nico Rosberg Germany 1 championship, 23 wins
93%
Sauber Sergio Perez Mexico 3 podiums
93%
Haas Kevin Magnussen Denmark 134 points
92%
McLaren Alain Prost France 3 championships, 30 wins
91%
Haas Nico Hülkenberg Germany 42 points
91%
Ferrari Niki Lauda Austria 2 championships,15 wins
91%
Racing Bulls Liam Lawson New Zealand 4 points
87%
McLaren Mika Häkkinen Finland 2 championships
86%
Red Bull Mark Webber Australia 9 wins
85%
Mercedes Juan Manuel Fangio Argentina 1 championships, 8 wins
80%
Haas Romain Grosjean France 104 points
77%
Williams Nigel Mansell United Kingdom 1 championship, 28 wins
72%
Ferrari Alberto Ascari Italy 2 championships, 12 wins
69%
Williams Damon Hill United Kingdom 1 championship, 21 wins
67%
Williams Alan Jones Australia 1 championship, 11 wins, 22 podiums
51%
Sauber Heinz-Harald Frentzen Germany 2 podiums, 237 points
25%
Sauber Johnny Herbert United Kingdom 2 podiums, 159 points
16%
No matching quizzes found
Score Distribution
Percent of People with Each Score
Percentile by Number Answered
Your Score History
You have not taken this quiz since the last reset